00534 2200253 4500001002100000005001500021035002000036082000800056084001400064100001700078245003900095260001900134300000700153990001200160990001200172990001200184990001200196990001200208990001200220990001200232990001200244990001200256990001200268INLIS00000000000210320250527100821 a0010-0525000395 a430 a430 TIN k0 aTini Harjono1 aKontakte Deustch 3 /cTini Harjono bKatalis,c2001 a65 a0713315 a0713316 a0713317 a0713318 a0713319 a0713320 a0713321 a0713322 a0713323 a0713324